SCIENCE AND TECHNOLOGY IN MEDIEVAL INDIA - A BIBLIOGRAPHY OF SOURCE MATERIALS IN SANSKRIT, ARABIC AND PERSIAN (Record no. 9045)

MARC details
000 -LEADER
fixed length control field 00518nam a22001577a 4500
005 - DATE AND TIME OF LATEST TRANSACTION
control field 20260227112833.0
008 - FIXED-LENGTH DATA ELEMENTS--GENERAL INFORMATION
fixed length control field 260227b |||||||| |||| 00| 0 eng d
041 ## - LANGUAGE CODE
Language code of text/sound track or separate title eng
082 ## - DEWEY DECIMAL CLASSIFICATION NUMBER
Classification number 016.50954 RAH-S
100 ## - MAIN ENTRY--AUTHOR NAME
Personal name RAHMAN, A.ALVI ,M.A KHAN GHORIAND MURTHY,SAMBA,K.V
245 ## - TITLE STATEMENT
Title SCIENCE AND TECHNOLOGY IN MEDIEVAL INDIA - A BIBLIOGRAPHY OF SOURCE MATERIALS IN SANSKRIT, ARABIC AND PERSIAN
260 ## - PUBLICATION, DISTRIBUTION, ETC. (IMPRINT)
Place of publication NEW DELHI
Name of publisher INDIAN NATINOAL SCIENCE ACADEMY
Year of publication 1982
300 ## - PHYSICAL DESCRIPTION
Number of Pages 719;P
650 ## - SUBJECT ADDED ENTRY--TOPICAL TERM
Topical Term BGP
942 ## - ADDED ENTRY ELEMENTS (KOHA)
Koha item type Books
Holdings
Lost status Damaged status Collection code Home library Current library Shelving location Date acquired Source of acquisition Cost, normal purchase price Full call number Accession Number Koha item type
    BHARTIYA GYAN PARAMPARA JRU Library JRU Library KAUTILYA BOOK SANGRAH 27/02/2026 INDIAN NATIONAL SCIENCE ACADEMY 800.00 016.50954 RAH-S 29281 Books